Inter Milan Best Scorer By Year - Statistics

General Stats
  • This quiz has been taken 3,724 times
    770 since last reset
  • The average score is 12 of 36
Answer Stats
Player % Correct
Lautaro Martínez
99%
Marcus Thuram
90%
Romelu Lukaku
86%
Diego Milito
85%
Mauro Icardi
82%
Zlatan Ibrahimović
81%
Ronaldo
78%
Samuel Eto'o
78%
Christian Vieri
67%
Adriano
56%
Rodrigo Palacio
53%
Sandro Mazzola
42%
Julio Ricardo Cruz
40%
Lothar Matthäus
40%
Alessandro Altobelli
38%
Jürgen Klinsmann
28%
Roberto Boninsegna
27%
Karl-Heinz Rummenigge
24%
Aldo Serena
21%
Youri Djorkaeff
18%
István Nyers
15%
Jair
15%
Rubén Sosa
13%
Benito Lorenzi
10%
Antonio Angelillo
9%
Evaristo Beccalossi
9%
Marco Branca
9%
Angelo Domenghini
5%
Lennart Skoglund
4%
Carlo Muraro
3%
Eddie Firmani
2%
Gino Armano
2%
Mario Bertini
2%
Beniamino Di Giacomo
1%
Gerry Hitchens
1%
Oscar Massei
1%
No matching quizzes found
Score Distribution
Percent of People with Each Score
Percentile by Number Answered
Your Score History
You have not taken this quiz since the last reset